Kinh tế vĩ mô phân tích
সংরক্ষণ করুন:
| প্রধান লেখক: | |
|---|---|
| বিন্যাস: | গ্রন্থ |
| ভাষা: | Undetermined |
| প্রকাশিত: |
Tp. Hồ Chí Minh
Đại học Quốc gia Tp. Hồ Chí Minh
2002
|
| বিষয়গুলি: | |
| ট্যাগগুলো: |
ট্যাগ যুক্ত করুন
কোনো ট্যাগ নেই, প্রথমজন হিসাবে ট্যাগ করুন!
|
| Thư viện lưu trữ: | Trung tâm Học liệu Trường Đại học Cần Thơ |
|---|
| LEADER | 00598nam a2200205Ia 4500 | ||
|---|---|---|---|
| 001 | CTU_90626 | ||
| 008 | 210402s9999 xx 000 0 und d | ||
| 082 | |a 339 | ||
| 082 | |b Ch513 | ||
| 100 | |a Phạm, Chung | ||
| 245 | 0 | |a Kinh tế vĩ mô phân tích | |
| 245 | 0 | |c Phạm Chung | |
| 260 | |a Tp. Hồ Chí Minh | ||
| 260 | |b Đại học Quốc gia Tp. Hồ Chí Minh | ||
| 260 | |c 2002 | ||
| 526 | |a Kinh tế vĩ mô,Kinh tế học | ||
| 526 | |b KT603,KT660 | ||
| 650 | |a Macroeconomics | ||
| 904 | |i Trúc | ||
| 980 | |a Trung tâm Học liệu Trường Đại học Cần Thơ | ||